Normal view
MARC view
Entry Personal Name
001 - CONTROL NUMBER
- control field: 35354
003 - CONTROL NUMBER IDENTIFIER
- control field: OSt
005 - DATE AND TIME OF LATEST TRANSACTION
- control field: 20160129143119.0
008 - FIXED-LENGTH DATA ELEMENTS
- fixed length control field: 160129|| aca||aabn | a|a d
040 ## - CATALOGING SOURCE
- Original cataloging agency: OSt
- Transcribing agency: OSt
100 ## - HEADING--PERSONAL NAME
- Personal name: कूमार अभय
670 ## - SOURCE DATA FOUND
- Source citation: Work cat.: (OSt)44679: कूमार अभय , न्यू पैटर्न AIEEE रसायन









